Cultura, tecnología y modelos alternativos de desarrollo (primera parte) /
Hace quinientos años había en América un mosaico de culturas que satisfacían ampliamente las necesidades de los más diversos entornos. A pesar de ello, los conquistadores españoles desdeñaron y relegaron los procedimientos autóctonos, que su concepción de la historia refutaba como atrasados. El auto...
Wedi'i Gadw mewn:
| Prif Awdur: | |
|---|---|
| Fformat: | Texto |
| Pynciau: | |
| Tagiau: |
Ychwanegu Tag
Dim Tagiau, Byddwch y cyntaf i dagio'r cofnod hwn!
|
MARC
| LEADER | 00000 a a2200000 04500 | ||
|---|---|---|---|
| 001 | 3356 | ||
| 003 | |||
| 040 | |||
| 100 | |a Lumbreras, Luis Guillermo | ||
| 245 | |a Cultura, tecnología y modelos alternativos de desarrollo (primera parte) / |c Luis Guillermo Lumbreras | ||
| 520 | |a Hace quinientos años había en América un mosaico de culturas que satisfacían ampliamente las necesidades de los más diversos entornos. A pesar de ello, los conquistadores españoles desdeñaron y relegaron los procedimientos autóctonos, que su concepción de la historia refutaba como atrasados. El autor proporciona numerosos ejemplos de los mismos y cómo los recién llegados los sustituyeron por modos que depredaron los recursos y condenaron a los pobladores a la miseria. Tal cultura se transplantó a condiciones radicalmente distintas de las que les habían dado origen |a tan distintos como son los bosques fríos de Europa de los tropicales de América. Su fracaso en dominar el medio americano fue tan grande como su éxito en el europeo y pesa aún en la vida de este continente. Por ello, el autor convoca a recuperar los proyectos que cercenó la conquista y convertirlos en el fundamento del futuro latinoamericano. HB/ALJ | ||
| 650 | |a HISTORIA | ||
| 650 | |a CULTURA | ||
| 650 | |a CIENCIA Y TECNOLOGIA | ||
| 650 | |a DESARROLLO ECONOMICO Y SOCIAL | ||
| 650 | |a ECOLOGIA | ||
| 650 | |a HISTORIA | ||
| 650 | |a RECURSOS NATURALES | ||
| 773 | |g volumen 42, número 3; páginas 199-205 | ||
| 999 | |c 34144 |d 34144 | ||
